Taxation I simplified / (Record no. 6226)
[ view plain ]
| 000 -LEADER | |
|---|---|
| fixed length control field | 00781cam a22002532 4500 |
| 001 - CONTROL NUMBER | |
| control field | 0000003098 |
| 005 - DATE AND TIME OF LATEST TRANSACTION | |
| control field | 20151217151915.0 |
| 008 - FIXED-LENGTH DATA ELEMENTS--GENERAL INFORMATION | |
| fixed length control field | 070427s xx 000 0 eng d |
| 020 ## - INTERNATIONAL STANDARD BOOK NUMBER | |
| Terms of availability | KES 600 |
| 040 ## - CATALOGING SOURCE | |
| Original cataloging agency | KABU |
| Transcribing agency | KABU |
| 050 #0 - LIBRARY OF CONGRESS CALL NUMBER | |
| Classification number | HJ3043 |
| Item number | .S25 2001 |
| 100 1# - MAIN ENTRY--PERSONAL NAME | |
| Personal name | Saleemi, Nisar Ahmad. |
| -- | 0000151299 |
| 245 10 - TITLE STATEMENT | |
| Title | Taxation I simplified / |
| Statement of responsibility, etc. | Nisar Ahmad Saleemi. |
| 250 ## - EDITION STATEMENT | |
| Edition statement | 4th ed. |
| 260 ## - PUBLICATION, DISTRIBUTION, ETC. (IMPRINT) | |
| Place of publication, distribution, etc. | Nairobi : |
| Name of publisher, distributor, etc. | N. A. Saleemi |
| Date of publication, distribution, etc. | 2001. |
| 300 ## - PHYSICAL DESCRIPTION | |
| Extent | 405 p. ; |
| Dimensions | 21 cm. |
| 500 ## - GENERAL NOTE | |
| General note | A textbook for C. P. A., C. P. S. and K. A. T. C. taxation papers. |
| 650 #0 - SUBJECT ADDED ENTRY--TOPICAL TERM | |
| Topical term or geographic name as entry element | Taxation. |
| -- | 0000059278 |
| 650 #0 - SUBJECT ADDED ENTRY--TOPICAL TERM | |
| Topical term or geographic name as entry element | Taxation |
| Geographic subdivision | Kenya. |
| -- | 0000152741 |
| 908 ## - PUT COMMAND PARAMETER (RLIN) | |
| Put command parameter | 070427 |
| 950 ## - LOCAL HOLDINGS (RLIN) | |
| -- | 1 |
| Withdrawn status | Lost status | Source of classification or shelving scheme | Not for loan | Home library | Current library | Date acquired | Total Checkouts | Total Renewals | Full call number | Barcode | Date last seen | Date last checked out | Price effective from | Koha item type |
|---|---|---|---|---|---|---|---|---|---|---|---|---|---|---|
| Library of Congress Classification | Kabarak, Main Campus | Kabarak, Main Campus | 17/12/2015 | 8 | 1 | HJ3043 .S25 2001 c. 3 | 007103 | 17/03/2023 | 01/03/2023 | 17/12/2015 | General Collection | |||
| Library of Congress Classification | Kabarak, Main Campus | Kabarak, Main Campus | 17/12/2015 | HJ3043 .S25 2001 c. 2 | 17/12/2015 | 17/12/2015 | General Collection |